Rime di tre gentildonne del secolo XVI (Record no. 45336)

MARC details
000 -LEADER
campo de control de longitud fija 00790nam a2200229 i 4500
001 - NÚMERO DE CONTROL
campo de control 45336
003 - IDENTIFICADOR DE NÚMERO DE CONTROL
campo de control ES-MaACL
005 - FECHA Y HORA DE LA ÚLTIMA TRANSACCIÓN
campo de control 20250813015836.0
007 - CAMPO FIJO DE DESCRIPCIÓN FÍSICA--INFORMACIÓN GENERAL
campo de control de longitud fija t|
008 - DATOS DE LONGITUD FIJA--INFORMACIÓN GENERAL
campo de control de longitud fija 030325s1882 it ||||1| ita d
100 1# - ENTRADA PRINCIPAL--NOMBRE DE PERSONA
Nombre de persona Colonna, Vittoria.
9 (RLIN) 39884
245 10 - MENCIÓN DEL TÍTULO
Título Rime di tre gentildonne del secolo XVI
Resto del título : Vittoria Colonna, Gaspara Stampa, Veronica Gambara /
Mención de responsabilidad, etc. con prefazione de Olindo Guerrini.
260 ## - PUBLICACIÓN, DISTRIBUCIÓN, ETC.
Lugar de publicación, distribución, etc. Milano :
Nombre del editor, distribuidor, etc. Edoardo Sonzogno,
Fecha de publicación, distribución, etc. 1882.
300 ## - DESCRIPCIÓN FÍSICA
Extensión 376 p. ;
Dimensiones 17 cm.
490 1# - MENCIÓN DE SERIE
Mención de serie Biblioteca classica economica ;
Designación de volumen o secuencia 76
700 1# - ENTRADA AGREGADA--NOMBRE PERSONAL
Nombre de persona Stampa, Gaspara.
9 (RLIN) 147495
700 1# - ENTRADA AGREGADA--NOMBRE PERSONAL
Nombre de persona Gambara, Veronica,
Fechas asociadas al nombre 1485-1550
9 (RLIN) 147496
700 0# - ENTRADA AGREGADA--NOMBRE PERSONAL
Nombre de persona Guerrini, Olindo.
9 (RLIN) 60594
830 00 - PUNTO DE ACCESO ADICIONAL DE SERIE-TÍTULO UNIFORME
Título uniforme Biblioteca classica economica
Designación de volumen o secuencia 76
9 (RLIN) 182054
852 ## - LOCALIZACIÓN
Ubicación ES-MaACL
Número de control de estantería F-10623
Holdings
Estatus retirado Estado de pérdida Estado de daño No para préstamo Colección Biblioteca de origen Biblioteca actual Ubicación en estantería Fecha de adquisición Fuente de adquisición Total de préstamos Signatura topográfica completa Código de barras Visto por última vez Precio de reemplazo Tipo de ítem Koha
        Libros del s. XIX Biblioteca del Ateneo de Madrid Biblioteca del Ateneo de Madrid Sala Pecera Planta 2 17/01/2008     F-10623 1047703 23/02/2023 23/02/2023 Libro impreso antiguo